1253 1241 1272 1085 1679 1982 1666 1710 1410 1059 1535 1771 1840 1056 1801 1417 1146 1709 1196 1520 1663 1405 1114 1425 1704 1704 1540 1801 1649 1506 1860 1503 1581 1425 1007 1654 1446 2000 1174 1084 1911 1117 1263 1831 1775 1362 1261 1641 1076 1620 1011 1754 1332 1017 1179 1385 1891 1541 1420 1065 1709 1829 1292 1812 1537 1453 1705 1005 1961 1544 1125 1229 1431 1169 1141 1044 1663 1820 1344 1324 1063 1430 1984 1806 1459 1084 1278 1601 1083 1559 1005 1075 1478 1624 1527 1704 1726 1358 1569 BCNSPRNW ULIB Ver.6.0+V

เปลี่ยนเป็นภาษาไทย

Change to English
 แสดงรายละเอียดบรรณานุกรม
  กลับหน้าหลัก

Brief Record : Get Marc (ISO 2709) : E-mail record : QR code < ปิดหน้าต่าง
LEADER : 00000nam 2200000uu 4500
001    13399108306
003     ULIB
008    110228s2543||||th 000 0 tha d
020    9748059529
060 04 WY154^bภ431ว ล.1 2543
245 10 ภาวะวิกฤตในหออภิบาล การบำบัดรักษาพยาบาล /^cบรรณาธิการจงจิตต์ คณากูล, ปรีดาภรณ์ สีปากดี, ประชิด ศราธพันธุ์
250    พิมพ์ครั้งที่ 1
260    กรุงเทพฯ :^bฝ่ายการพยาบาล โรงพยาบาลศิริราช,^c2543
300    369 หน้า :^cภาพประกอบ ;^c26 ซม.
504    บรรณานุกรม
650  2 Critical Care Nursing
650  2 Intensive Care
650  7 การพยาบาลผู้ป่วยวิกฤต
650  7 การพยาบาลผู้ป่วยหนัก
650  7 การพยาบาล
650  7 ผู้ป่วยหนัก, การดูแล
650  7 ภาวะฉุกเฉิน^xการพยาบาล
700 0  จงจิตต์ คณากูล,^eบรรณาธิการ
700 0  ปรีดาภรณ์ สีปากดี,^eบรรณาธิการ
700 0  ประชิด ศราธพันธุ์,^eบรรณาธิการ
710 2  มหาวิทยาลัยมหิดล. ^bคณะแพทยศาสตร์ศิริราชพยาบาล.^bฝ่ายการพยาบาล
945    ^p300^l0^i015651
945    ^p300^l0^i015652
945    ^p300^l0^i015653
995    ทศพร
999 ^a ใช้งานได้ทุกระบบ
รายการนี้ยังไม่มีแท็ก
คุณยังไม่ได้ล็อกอิน คุณสามารถมีกิจกรรมร่วมกับเว็บไซต์ได้ แต่ต้องล็อกอินก่อน ::
  ล็อกอิน

รายการสื่อสารสนเทศ

ลำดับที่ ประเภท เลขเรียก/บาร์โค้ด สถานที่ สถานะ
- ไม่พบข้อมูล -

รายการใกล้เคียง
    หัวเรื่อง [Critical Care Nursing]
    หัวเรื่อง [Intensive Care]
    หัวเรื่อง [การพยาบาลผู้ป่วยวิกฤต]
    หัวเรื่อง [การพยาบาลผู้ป่วยหนัก]
    หัวเรื่อง [การพยาบาล]
    หัวเรื่อง [ผู้ป่วยหนัก, การดูแล]

BibComment


ยังไม่เคยถูกคอมเมนท์

คอมเมนท์ทรัพยากรรายการนี้
  คอมเมนท์: ภาวะวิกฤตในหออภิบ..


 Copyright 2026. Bcnsprnw @Library